书目信息 |
| 题名: |
安全简史
|
|
| 作者: | 汤凯 著 | |
| 分册: | ||
| 出版信息: | 北京 清华大学出版社 2020.08 |
|
| 页数: | XIV, 265页 | |
| 开本: | 24cm | |
| 丛书名: | ||
| 单 册: | ||
| 中图分类: | X92 | |
| 科图分类: | ||
| 主题词: | 安全生产--an quan sheng chan--历史 | |
| 电子资源: | ||
| ISBN: | 978-7-302-55634-3 | |
| 000 | 00925nam0 2200277 450 | |
| 001 | 0100015334 | |
| 005 | 20201009150355.0 | |
| 010 | @a978-7-302-55634-3@dCNY54.00 | |
| 100 | @a20200911d2020 em y0chiy50 ea | |
| 101 | 0 | @achi |
| 102 | @aCN@b110000 | |
| 105 | @aa a 000yy | |
| 106 | @ar | |
| 200 | 1 | @a安全简史@Aan quan jian shi@e从个体到共生@f汤凯著 |
| 210 | @a北京@c清华大学出版社@d2020.08 | |
| 215 | @aXIV, 265页@c图@d24cm | |
| 300 | @a原点阅读 | |
| 314 | @a汤凯, 清华大学本科、硕士、创新领军工程博士生。 | |
| 320 | @a有书目 (第226-245页) | |
| 330 | @a本书描述了中国的安全生产管理面临的时代变迁与其内在逻辑。按照时代变迁的顺序, 全书以个体时代、协同时代、共生时代的顺序叙事。 | |
| 517 | 1 | @a从个体到共生@Acong ge ti dao gong sheng |
| 606 | 0 | @a安全生产@Aan quan sheng chan@x历史 |
| 690 | @aX92@v5 | |
| 701 | 0 | @a汤凯@Atang kai@4著 |
| 801 | 0 | @aCN@c20201009 |
| 905 | @a河南城建学院图书馆@dX92@eT183@f1 | |
| 安全简史:从个体到共生/汤凯著.-北京:清华大学出版社,2020.08 |
| XIV, 265页:图;24cm |
| 原点阅读 |
| ISBN 978-7-302-55634-3:CNY54.00 |
| 本书描述了中国的安全生产管理面临的时代变迁与其内在逻辑。按照时代变迁的顺序, 全书以个体时代、协同时代、共生时代的顺序叙事。 |
| ● |
| 相关链接 |
|
|
|
正题名:安全简史
索取号:X92/T183
 
预约/预借
| 序号 | 登录号 | 条形码 | 馆藏地/架位号 | 状态 | 备注 |
| 1 | 1494079 | 214940796 | 自科库501/501自科库 119排2列2层/ [索取号:X92/T183] | 在馆 |